<?xml version="1.0" encoding="UTF-8"?>
<record
    xmlns:xsi="http://www.w3.org/2001/XMLSchema-instance"
    xsi:schemaLocation="http://www.loc.gov/MARC21/slim http://www.loc.gov/standards/marcxml/schema/MARC21slim.xsd"
    xmlns="http://www.loc.gov/MARC21/slim">

  <leader>03343cam a22004454i 4500</leader>
  <controlfield tag="003">PE-LiUPU</controlfield>
  <controlfield tag="005">20250731165404.0</controlfield>
  <controlfield tag="008">151001s2014    pe a   grm    000 0 spa d</controlfield>
  <datafield tag="035" ind1=" " ind2=" ">
    <subfield code="a">(Sirsi) a154742</subfield>
  </datafield>
  <datafield tag="040" ind1=" " ind2=" ">
    <subfield code="a">PE-LiUPU</subfield>
    <subfield code="b">spa</subfield>
    <subfield code="c">PE-LiUPU</subfield>
    <subfield code="e">rda</subfield>
  </datafield>
  <datafield tag="099" ind1=" " ind2=" ">
    <subfield code="a">TE 3</subfield>
    <subfield code="b">R94 2014</subfield>
  </datafield>
  <datafield tag="100" ind1="1" ind2=" ">
    <subfield code="a">Ruiz Orbe, Libni</subfield>
    <subfield code="e">autor</subfield>
  </datafield>
  <datafield tag="245" ind1="1" ind2=" ">
    <subfield code="a">Efectividad del programa "ABC" en el desarrollo de la ineligencia lingu&#xED;stica en ni&#xF1;os de 3 a&#xF1;os de edad, de la Instituci&#xF3;n Educativa Inicial N&#xB0; 089, San Isidro, El Dorado, San Mart&#xED;n, 2013 /</subfield>
    <subfield code="c">Libni Ruiz Orbe.</subfield>
  </datafield>
  <datafield tag="264" ind1=" " ind2="0">
    <subfield code="c">2014.</subfield>
  </datafield>
  <datafield tag="300" ind1=" " ind2=" ">
    <subfield code="a">131 hojas : </subfield>
    <subfield code="b">ilustraciones;</subfield>
    <subfield code="c">30 cm</subfield>
  </datafield>
  <datafield tag="336" ind1=" " ind2=" ">
    <subfield code="a">text</subfield>
    <subfield code="2">rdacontent</subfield>
  </datafield>
  <datafield tag="337" ind1=" " ind2=" ">
    <subfield code="a">unmediated</subfield>
    <subfield code="2">rdamedia</subfield>
  </datafield>
  <datafield tag="338" ind1=" " ind2=" ">
    <subfield code="a">volume</subfield>
    <subfield code="2">rdacarrier</subfield>
  </datafield>
  <datafield tag="502" ind1=" " ind2=" ">
    <subfield code="a">Tesis</subfield>
    <subfield code="b">(Mg.) -- </subfield>
    <subfield code="c">Universidad Peruana Uni&#xF3;n,</subfield>
    <subfield code="d">2014.</subfield>
  </datafield>
  <datafield tag="504" ind1=" " ind2=" ">
    <subfield code="a">Incluye referencias bibliogr&#xE1;ficas</subfield>
  </datafield>
  <datafield tag="520" ind1="3" ind2=" ">
    <subfield code="a">La investigaci&#xF3;n realizada plante&#xF3; el problema relacionado con el lenguaje y la comunicaci&#xF3;n en los ni&#xF1;os de 3 a&#xF1;os de edad, este problema fue abordado a trav&#xE9;s de una investigaci&#xF3;n aplicada con un dise&#xF1;o pre experimental en la cual se plante&#xF3; la siguiente interrogante: &#xBF;En qu&#xE9; medida el programa de ABC mejora el desarrollo de la inteligencia lingu&#xED;stica en los ni&#xF1;os de 3 a&#xF1;os de edad de la Instituc8&#xF3;n Educativa Inicial N&#xB0; 089, San Isidro, Provincia El Dorado, San Mart&#xED;n 2013?. La hip&#xF3;tesis de trabajo fue: El Programa "ABC" es efectivo para propiciar el desarrollo de la inteligencia lingu&#xED;stica en ni&#xF1;os de 3 a&#xF1;os de edad de la Instituci&#xF3;n Educativa Inicial N&#xB0; 089 San Isidro, El Dorado, San Mart&#xED;n, 2013. Sobre las t&#xE9;cnicas y fuentes de informaci&#xF3;n, la investigaci&#xF3;n recurri&#xF3; a todos los documentos de registro pertinentes para recolectar informaci&#xF3;n sobre las caracter&#xED;sticas de nuestra poblaci&#xF3;n; de esta manera elaborar los instrumentos necesarios para aplicar el "Programa ABC para el desarrollo y la inteligencia lingu&#xED;stica en ni&#xF1;os de 3 a&#xF1;os de edad. Una vez concluido el programa se pudo probar fehacientemente lo afirmado en la hip&#xF3;tesis de trabajo obteni&#xE9;ndose las siguientes conclusiones. La aplicaci&#xF3;n del programa ABC mejor&#xF3; el desarrollo de la inteligencia lingu&#xED;stica en los ni&#xF1;os de 3 a&#xF1;os de edad de la Instituci&#xF3;n Educativa N&#xB0; 089 San Isidro, Provincia El Dorado, San Mart&#xED;n, not&#xE1;ndose un incremento de 14 puntos, lo cual se evidencia en los resultados de la media del pos test que es igual a 20 puntos y el pre test de 5.63 puntos.  Considerando estos resultados en los cuadros estad&#xED;sticos revisados, se concluye que existe una diferencia significativa entre los resultaos de pre test y pos test, lo que significa que el programa que se aplic&#xF3; fue efectivo y los resultados mejoraron de manera considerable.</subfield>
  </datafield>
  <datafield tag="526" ind1=" " ind2=" ">
    <subfield code="a">SEG44</subfield>
  </datafield>
  <datafield tag="526" ind1=" " ind2=" ">
    <subfield code="a">SEG26</subfield>
  </datafield>
  <datafield tag="526" ind1=" " ind2=" ">
    <subfield code="a">P151</subfield>
  </datafield>
  <datafield tag="526" ind1=" " ind2=" ">
    <subfield code="a">P150</subfield>
  </datafield>
  <datafield tag="526" ind1=" " ind2=" ">
    <subfield code="a">P149</subfield>
  </datafield>
  <datafield tag="526" ind1=" " ind2=" ">
    <subfield code="a">P146</subfield>
  </datafield>
  <datafield tag="526" ind1=" " ind2=" ">
    <subfield code="a">P145</subfield>
  </datafield>
  <datafield tag="526" ind1=" " ind2=" ">
    <subfield code="a">P126</subfield>
  </datafield>
  <datafield tag="526" ind1=" " ind2=" ">
    <subfield code="a">P125</subfield>
  </datafield>
  <datafield tag="526" ind1=" " ind2=" ">
    <subfield code="a">P92</subfield>
  </datafield>
  <datafield tag="526" ind1=" " ind2=" ">
    <subfield code="a">P75</subfield>
  </datafield>
  <datafield tag="526" ind1=" " ind2=" ">
    <subfield code="a">P74</subfield>
  </datafield>
  <datafield tag="526" ind1=" " ind2=" ">
    <subfield code="a">P27</subfield>
  </datafield>
  <datafield tag="526" ind1=" " ind2=" ">
    <subfield code="a">P15</subfield>
  </datafield>
  <datafield tag="650" ind1="0" ind2="4">
    <subfield code="a">Ni&#xF1;os</subfield>
    <subfield code="x">Lenguaje</subfield>
    <subfield code="v">Planes y programas Educaci&#xF3;n primaria</subfield>
    <subfield code="x">Lenguaje</subfield>
    <subfield code="v">Planes y programas</subfield>
  </datafield>
  <datafield tag="596" ind1=" " ind2=" ">
    <subfield code="a">1</subfield>
  </datafield>
  <datafield tag="942" ind1=" " ind2=" ">
    <subfield code="2">ddc</subfield>
    <subfield code="c">TESIS</subfield>
  </datafield>
  <datafield tag="999" ind1=" " ind2=" ">
    <subfield code="a">TE 3 R94 2014</subfield>
    <subfield code="w">ALPHANUM</subfield>
    <subfield code="c">7442</subfield>
    <subfield code="i">T01589</subfield>
    <subfield code="l">CCODEBUL3</subfield>
    <subfield code="m">BUL</subfield>
    <subfield code="r">1</subfield>
    <subfield code="s">Y</subfield>
    <subfield code="t">TESIS</subfield>
    <subfield code="u">2015-10-1</subfield>
    <subfield code="x">POSGRADO</subfield>
    <subfield code="P">P57</subfield>
    <subfield code="o">.STAFF. Tesis</subfield>
    <subfield code="d">7442</subfield>
  </datafield>
  <datafield tag="980" ind1=" " ind2=" ">
    <subfield code="8">1</subfield>
    <subfield code="g">ALBERTO SANCHEZ Responsable de Automatizaci&#xF3;n</subfield>
  </datafield>
  <datafield tag="952" ind1=" " ind2=" ">
    <subfield code="r">2022-07-06 00:00:00</subfield>
    <subfield code="l">0</subfield>
    <subfield code="o">TE 3 R94 2014</subfield>
    <subfield code="p">T01589</subfield>
    <subfield code="t">e1</subfield>
    <subfield code="w">2015-10-01</subfield>
    <subfield code="x">PG</subfield>
    <subfield code="y">TESIS</subfield>
    <subfield code="z">Este &#xCD;tem NO se presta por ser Ejemplar #1.</subfield>
    <subfield code="1">0</subfield>
    <subfield code="2">ddc</subfield>
    <subfield code="7">1</subfield>
    <subfield code="8">TESIS</subfield>
    <subfield code="f">P57</subfield>
    <subfield code="a">BUL</subfield>
    <subfield code="b">BUL</subfield>
    <subfield code="c">TESIS</subfield>
    <subfield code="d">2015-10-01</subfield>
  </datafield>
</record>
